| 000 | 00741nam a22002412 4500 | ||
|---|---|---|---|
| 001 | 0000023642 | ||
| 005 | 20151217152245.0 | ||
| 008 | 130313s xx 000 0 eng d | ||
| 020 | _a0333777603 : | ||
| 040 |
_aKABU _cKABU |
||
| 245 | 1 | 0 |
_aWhat do economists contribute? / _cedited by Daniel B. Klein. |
| 250 | _a1st ed. | ||
| 260 |
_aLondon : _bPalgrave, _c2001. |
||
| 300 | _axv, 156 p. | ||
| 650 | 0 |
_aEconomics. _@0000148279 |
|
| 650 | 0 |
_aEconomists. _@0000183227 |
|
| 650 | 0 |
_aEconomics _xPolitical aspects. _@0000183228 |
|
| 650 | 0 |
_aEconomics _xSociological aspects. _@0000168043 |
|
| 700 | 1 |
_aKlein, Daniel B. _@0000183229 |
|
| 852 | 1 | _9p1750 KES | |
| 908 | _a130313 | ||
| 950 | _@1 | ||
| 999 |
_c9903 _d9903 |
||